Compendio de geografía económica (Registro nro. 3649)
[ vista simple ]
| 000 -LEADER | |
|---|---|
| fixed length control field | 01378 a2200217 4500 |
| 001 - CONTROL NUMBER | |
| control field | 43048 |
| 005 - DATE AND TIME OF LATEST TRANSACTION | |
| control field | 20260407155715.0 |
| 008 - FIXED-LENGTH DATA ELEMENTS--GENERAL INFORMATION | |
| fixed length control field | 260407a1958 arg spa d |
| 003 - CONTROL NUMBER IDENTIFIER | |
| control field | AR-UNSa-BCEJYS |
| 040 ## - CATALOGING SOURCE | |
| Original cataloging agency | AR-UNSa-BCEJYS |
| Language of cataloging | spa |
| Transcribing agency | AR-UNSa-BCEJYS |
| 080 ## - UNIVERSAL DECIMAL CLASSIFICATION NUMBER | |
| Universal Decimal Classification number | 911.3:33 |
| Common auxiliary subdivision | Geografía económica |
| 041 ## - LANGUAGE CODE | |
| Language code of text/sound track or separate title | spa |
| 100 1# - MAIN ENTRY--PERSONAL NAME | |
| Personal name | Huera, Carmen |
| 245 10 - TITLE STATEMENT | |
| Title | Compendio de geografía económica |
| 264 #1 - PRODUCTION, PUBLICATION, DISTRIBUTION, MANUFACTURE, AND COPYRIGHT NOTICE | |
| Place of production, publication, distribution, manufacture | Barcelona : |
| Name of producer, publisher, distributor, manufacturer | Ediciones Ariel |
| Date of production, publication, distribution, manufacture, or copyright notice | 1958 |
| 300 ## - PHYSICAL DESCRIPTION | |
| Extent | 438 p. |
| Dimensions | 20 cm. |
| 505 ## - FORMATTED CONTENTS NOTE | |
| Formatted contents note | Introducción: La geografía económica - Parte I: los hombres y los sistemas económicos: 1. Diversidad de las formas de economía capitalista en el mundo - 2. Economía socialista y construcción de una economia socialista - Parte II: La economía y la producción industrial: 1. Estructuta y formas de organización - 2. La producción de energía - 3. La producción y la comercialización de materias primas - Parte III: Economía agricola y productos de artículos alimenticios: 1. Tipos de economía agrícola - 2. La producción de cereales - 3. Cultivos alimenticios diversos - 4. Productos derivados de la ganaderia y de la pesca - Parte IV: Comercio y Circulación : 1. Economía y comercio - 2. Los transportes continentales - 3. Los transportes maritimos y aéreos - - Indice de figuras |
| 590 ## - LOCAL NOTE (RLIN) | |
| Local note | niveau_biblio:m niveau_hierar:0 |
| 700 1# - ADDED ENTRY--PERSONAL NAME | |
| Personal name | George, Pierre |
| 942 ## - ADDED ENTRY ELEMENTS (KOHA) | |
| Koha item type | |
| Withdrawn status | Lost status | Damaged status | Not for loan | Home library | Current library | Shelving location | Date acquired | Total checkouts | Full call number | Barcode | Date last seen | Price effective from | Koha item type |
|---|---|---|---|---|---|---|---|---|---|---|---|---|---|
| Biblioteca Prof. Eusebio Cleto del Rey | Biblioteca Prof. Eusebio Cleto del Rey | 07/04/2026 | 911.3:33 G346 | L20377 | 07/04/2026 | 07/04/2026 | Libro |